Tabla (Record no. 1715062)

MARC details
000 -LEADER
fixed length control field 00424nam a22001697a 4500
005 - DATE AND TIME OF LATEST TRANSACTION
control field 20260310154532.0
008 - FIXED-LENGTH DATA ELEMENTS--GENERAL INFORMATION
fixed length control field 260310b |||||||| |||| 00| 0 eng d
037 ## - SOURCE OF ACQUISITION
Terms of availability Textbook
040 ## - CATALOGING SOURCE
Original cataloging agency FMUL
Transcribing agency FMUL
084 ## - COLON CLASSIFICATION NUMBER
Classification number NRV33 Q8
Assigning agency FMUL
100 ## - MAIN ENTRY--PERSONAL NAME
Personal name Mulankar, arvind
9 (RLIN) 1131577
245 ## - TITLE STATEMENT
Title Tabla
260 ## - PUBLICATION, DISTRIBUTION, ETC.
Place of publication, distribution, etc. Varanasi
Name of publisher, distributor, etc. lumins books
Date of publication, distribution, etc. 2018
300 ## - PHYSICAL DESCRIPTION
Extent 488 p.
650 ## - SUBJECT ADDED ENTRY--TOPICAL TERM
Topical term or geographic name entry element FMUL
942 ## - ADDED ENTRY ELEMENTS (KOHA)
Source of classification or shelving scheme Colon Classification (CC)
Koha item type Textbook
Classification part NRV33 Q8
Suppress in OPAC No
Holdings
Withdrawn status Lost status Source of classification or shelving scheme Damaged status Not for loan Home library Current library Date acquired Total Checkouts Full call number Barcode Date last seen Price effective from Koha item type
    Colon Classification (CC)     Department of Music Library Department of Music Library 2026-03-10   NRV33 Q8 MU0017356 2026-03-10 2026-03-10 Textbook
Copyright @ Delhi University Library System